000 01467cam a22002054a 4500
005 20250605164212.0
008 250528s ||||||||||||||||||||||||d
035 _a20318
020 _a471476544
040 _aGR-AtMCL
_bgre
_dGR-AtMCL
_eAACR2
245 1 _aHospitality Marketing Management / Fourth Edition
260 _bJohn Wiley And Sons, Inc,
_c2006
300 _a628
520 _aThis book gives aspiring hospitality professionals the knowledge, experience, and confidence they will need to meet the Challenges of this dynamic and rewarding industry. Preface, Acknowledgements, Introduction to Hospitality Marketing, The Functions of Marketing, Introduction to Hospitality Service Marketing, Understanding and Targeting Hospitality Consumers, Understanding the Behavior of Hospitality Consumers, Market Segmentation and Positioning, Marketing Planning and Information, Developing a Marketing Plan, Information for Marketing Decisions, Product-Service Mix and Distribution Strategies, Developing New Products and Services, Product-service mix Strategy, Marketing Channels, E-Commerce, Promotional Strategy, Promotion and Advertising, Advertising and Media Planning, Sales Promotion and Merchandising and Public Relations, Personal Selling, Pricing Strategy and Menu Design, Using Menu Design as a Marketing Tool, Index.
700 1 _aBojanic David C.
_96323
700 1 _aReid Robert D
_96324
942 _cBK
999 _c5440
_d5440